La France raciste
Αποθηκεύτηκε σε:
| Άλλοι συγγραφείς: | |
|---|---|
| Μορφή: | Βιβλίο |
| Γλώσσα: | French |
| Δημοσίευση: |
Paris :
Seuil,
1992
|
| Σειρά: | L'Epreuve des faits
|
| Θέματα: | |
| Ετικέτες: |
Προσθήκη ετικέτας
Δεν υπάρχουν, Καταχωρήστε ετικέτα πρώτοι!
|
MARC
| LEADER | 00000nam a2200000 i 4500 | ||
|---|---|---|---|
| 001 | 1/71740 | ||
| 008 | 080122s1992 fre d | ||
| 020 | |a 2-02-012568-4 | ||
| 035 | |l 10093976 | ||
| 040 | |a GR-MY-UA |b gre |e aacr | ||
| 041 | 0 | |a fre | |
| 082 | 0 | |a 305.800944 |2 (22) | |
| 245 | 1 | 3 | |a La France raciste / |c Michel Wieviorka ... [κ.ά.] |
| 260 | |a Paris : |b Seuil, |c 1992 | ||
| 300 | |a 389 σ.; |c 24 εκ. | ||
| 490 | 1 | |a L'Epreuve des faits | |
| 650 | 0 | 0 | |a Immigrants |z France. |
| 650 | 0 | 0 | |a Racism |z France |x History |y 20th century. |
| 650 | 0 | 0 | |a Skinheads. |
| 651 | 0 | |a France |x Ethnic relations. | |
| 651 | 0 | |a France |x Race relations. | |
| 651 | 0 | |a France |x Politics and government |y 1981-1995. | |
| 700 | 1 | |a Wieviorka, Michel. | |
| 830 | 0 | |a L'Epreuve des faits | |
| 852 | |a INST |b LESVOS |e 20080122 |h 305.800944 FRA |p 005100040764 |q 005100040764 |t BK |y 0 | ||
| 901 | |a BIBL1-2008-1 | ||
| 909 | |a Λ |b 142895 | ||
| 922 | |a 1ΕΛΗ |b 200712 |c ΕΠΕΑΕΚ2/ΤΚ |d ΕΛΕΥΘΕΡΟΥΔΑΚΗΣ | ||
| 970 | |a ΧΑΤΖΗΜΙΧΑΗΛ |b ΜΑΡΙΑ |z 2008/01/22 | ||